| 000 | 00896nam a2200289 a 4500 | ||
|---|---|---|---|
| 001 | 37412 | ||
| 003 | BD-RjUL | ||
| 005 | 20211209052615.0 | ||
| 008 | 15 s2014 paua b 001 0 eng | ||
| 020 | _a9781455737338 (pbk. : alk. paper) | ||
| 035 |
_a(DNLM)101611041 _a(BD-RjUL)37516 |
||
| 040 |
_aDNLM/DLC _cDLC _erda _dDLC _dBD-RjUL _beng |
||
| 041 | _aeng | ||
| 060 | 1 | 0 | _aWA 105 |
| 082 | 0 | 0 |
_a614.4 _223 _bGOE 2014 |
| 100 | 1 |
_aGordis, Leon, _d1934- _9114812 |
|
| 245 | 1 | 0 |
_aEpidemiology / _cLeon Gordis.. |
| 250 | _aFifth edition. | ||
| 260 |
_aPhiladelphia, PA : _bElsevier/Saunders, _cc2014. |
||
| 300 |
_axv, 392 pages : _billustrations (some color) ; _c26 cm. |
||
| 504 | _aIncludes bibliographical references and index. | ||
| 650 | 1 | 2 |
_aEpidemiology. _9114813 |
| 650 | 2 | 2 |
_aEpidemiologic Methods. _9114777 |
| 942 |
_2ddc _cBK |
||
| 999 |
_c37412 _d37412 |
||